Handbook of the psychology of aging / (Record no. 24150)
[ view plain ]
| 000 -LEADER | |
|---|---|
| fixed length control field | 01314cam a22003135a 4500 |
| 001 - CONTROL NUMBER | |
| control field | 18544390 |
| 005 - DATE AND TIME OF LATEST TRANSACTION | |
| control field | 20201128024132.0 |
| 008 - FIXED-LENGTH DATA ELEMENTS--GENERAL INFORMATION | |
| fixed length control field | 150327t2016 enka frb 001 0 eng d |
| 020 ## - INTERNATIONAL STANDARD BOOK NUMBER | |
| International Standard Book Number | 9780124114692 |
| 040 ## - CATALOGING SOURCE | |
| Original cataloging agency | MNS |
| Language of cataloging | eng |
| Transcribing agency | NLM |
| Description conventions | rda |
| Modifying agency | MNS |
| -- | YDXCP |
| -- | UBC |
| -- | SINLB |
| -- | OCLCF |
| -- | MUM |
| -- | CDX |
| -- | OCLCO |
| -- | OCLCQ |
| -- | OCLCO |
| -- | S3O |
| -- | OCLCQ |
| -- | DGU |
| -- | OCLCO |
| -- | DLC |
| -- | EG-ScUE |
| 082 04 - DEWEY DECIMAL CLASSIFICATION NUMBER | |
| Edition number | 22 |
| Classification number | 155.67 |
| Item number | HAN |
| 245 00 - TITLE STATEMENT | |
| Title | Handbook of the psychology of aging / |
| Statement of responsibility, etc | edited by K. Warner Schaie and Sherry L. Willis ; associate editors, Bob G. Knight, Becca Levy, and Denise C. Park. |
| 246 30 - VARYING FORM OF TITLE | |
| Title proper/short title | Psychology of aging |
| 250 ## - EDITION STATEMENT | |
| Edition statement | 8th ed. |
| 260 ## - PUBLICATION, DISTRIBUTION, ETC. (IMPRINT) | |
| Place of publication, distribution, etc | London : |
| Name of publisher, distributor, etc | Elsevier Science / Elsevier, |
| Date of publication, distribution, etc | 2016. |
| 300 ## - PHYSICAL DESCRIPTION | |
| Extent | xxiii, 526 p. : |
| Other physical details | ill. ; |
| Dimensions | 23 cm. |
| 490 0# - Series Statement | |
| Series statement | The handbooks of aging |
| 504 ## - BIBLIOGRAPHY, ETC. NOTE | |
| Bibliography, etc | Includes bibliographical references and indexes. |
| 505 0# - FORMATTED CONTENTS NOTE | |
| Formatted contents note | Concepts, theory, and methods -- Bio-psychosocial factors in aging -- Behavioral processes -- Complex processes. |
| 650 #7 - SUBJECT ADDED ENTRY--TOPICAL TERM | |
| Topical term or geographic name as entry element | Aging |
| General subdivision | Psychological aspects. |
| Source of heading or term | BUEsh |
| 9 (RLIN) | 924 |
| 651 ## - SUBJECT ADDED ENTRY--GEOGRAPHIC NAME | |
| Source of heading or term | BUEsh |
| 653 ## - INDEX TERM--UNCONTROLLED | |
| Resource For college | Humanities: Psychology |
| Arrived date list | February2017 |
| 700 1# - ADDED ENTRY--PERSONAL NAME | |
| Personal name | Schaie, K. Warner |
| Fuller form of name | (Klaus Warner), |
| Dates associated with a name | 1928- |
| Relator term | editor. |
| 700 1# - ADDED ENTRY--PERSONAL NAME | |
| Personal name | Willis, Sherry L., |
| Dates associated with a name | 1947- |
| Relator term | editor. |
| 700 1# - ADDED ENTRY--PERSONAL NAME | |
| Personal name | Knight, Bob G., |
| Dates associated with a name | 1950- |
| Relator term | editor. |
| 700 1# - ADDED ENTRY--PERSONAL NAME | |
| Personal name | Levy, Becca, |
| Relator term | editor. |
| 700 1# - ADDED ENTRY--PERSONAL NAME | |
| Personal name | Park, Denise C., |
| Relator term | editor. |
| 942 ## - ADDED ENTRY ELEMENTS (KOHA) | |
| Source of classification or shelving scheme | Dewey Decimal Classification |
| Withdrawn status | Item status | Source of classification or shelving scheme | Damaged status | Not for loan | Vendor | Home library | Current library | Shelving location | Date acquired | Source of acquisition | Cost, normal purchase price | Serial Enumeration / chronology | Total Checkouts | Full call number | Barcode | Date last seen | Cost, replacement price | Koha item type |
|---|---|---|---|---|---|---|---|---|---|---|---|---|---|---|---|---|---|---|
| Dewey Decimal Classification | Baccah | Central Library | Central Library | Lower Floor | 14/02/2017 | Purchase | 1283.00 | 27449 | 155.67 HAN | 000045460 | 15/07/2025 | 1603.75 | Book - Borrowing |